Guess the 1970s song lyrics #178 - Statistics

General Stats
  • This quiz has been taken 19 times
    2 since last reset
  • The average score is 384 of 400
Answer Stats
Answer % Correct
a
100%
again
100%
Alright
100%
and
100%
And
100%
angel
100%
answer
100%
arms
100%
don't
100%
dream
100%
ee
100%
eyes
100%
fantasy
100%
find
100%
for
100%
Get
100%
givin
100%
go
100%
gonna
100%
had
100%
heard
100%
heart
100%
her
100%
here
100%
I
100%
if
100%
I'm
100%
in
100%
into
100%
it's
100%
I've
100%
know
100%
lonely
100%
look
100%
lookin
100%
Love
100%
love
100%
lovin
100%
made
100%
me
100%
mean
100%
midnight
100%
my
100%
never
100%
next
100%
now
100%
Now
100%
on
100%
one
100%
Ooh
100%
ooh
100%
out
100%
Out
100%
prayer
100%
said
100%
See
100%
see
100%
she
100%
She
100%
Somewhere
100%
somewhere
100%
sweet
100%
take
100%
that
100%
the
100%
Then
100%
then
100%
there
100%
there's
100%
to
100%
tonight
100%
Undercover
100%
undercover
100%
up
100%
voice
100%
what
100%
What
100%
When
100%
Yeah
100%
yeah
100%
You
100%
you
100%
you'll
100%
your
100%
as
50%
bed
50%
beside
50%
covers
50%
Cryin
50%
girl
50%
held
50%
is
50%
lies
50%
night
50%
pillow
50%
right
50%
softly
50%
story
50%
Underneath
50%
yes
50%
afterglow
0%
Heavenly
0%
light
0%
magic
0%
surrender
0%
Woah
0%
Wonder
0%
No matching quizzes found
Score Distribution
Percent of People with Each Score
Percentile by Number Answered
Your Score History
You have not taken this quiz since the last reset